000 00626nam a2200241Ia 4500
003 OSt
005 20221007110555.0
006 a|||||r|||| 00| 0
007 ta
008 221006b |||||||| |||| 00| 0 eng d
024 _a21,370
037 _cTextual
040 _aLCO
_cLCO
_beng
041 _2eng
_aeng
082 _aY:45, K9
100 _aTurk Austin T.
_9707659
245 0 _aCriminality and Legal Order
260 _aChicago
_bRand McNally & Company U.S.A.
_c1969
300 _a184
650 _aLEGAL ORDER
_9707660
942 _hY:45, K9
_cTEXL
999 _c1190933
_d1190933